000 00352nam a2200145Ia 4500
008 230711s9999||||xx |||||||||||||| ||und||
041 _aENG
082 _a677
_bEG-E
100 _aEgorov,IU. V.
245 0 _aEncyclopaedia of mathematical sciences
250 _a1st . Ed.
260 _c1991
_aNew Delhi
_bSpringer
650 _aMathematics
942 _cBK
999 _c3608
_d3608